Loreto College Library, Kolkata
WEBOPAC (ONLINE PUBLIC ACCESS CATALOGUE)

Psychopathology (Record no. 37205)

MARC details
000 -LEADER
fixed length control field 00710nam a2200241Ia 4500
008 - FIXED-LENGTH DATA ELEMENTS--GENERAL INFORMATION
fixed length control field 140110s9999 xx 000 0 und d
020 ## - ISBN | অাই এস বি এন
ISBN | অাই এস বি এন 9788131503591
PRICE Rs.407.00
040 ## - CATALOGING SOURCE
Original cataloging agency Loreto College
041 ## - LANGUAGE CODE
Language code English
082 ## - DDC | ডিউই
Classification number | বর্গসংখ্যা 157/GRA
Book Number | গ্রন্থাঙ্ক LCLIB/PsySemLib 783/48517
100 ## - MAIN ENTRY--PERSONAL NAME | মুখ্য সংলেখ - ব্যাক্তিনাম
Personal name | ব্যাক্তিনাম Gray,Susan W.
245 ## - TITLE STATEMENT | অাখ্যা বিবরণী
Title | অাখ্যা Psychopathology
Sub title | উপঅাখ্যা A competency-based assessment
Statement of responsibility | লেখকের দায়িত্বের বিবরণ Susan W.Gray and Marilyn R.Zide
250 ## - EDITION STATEMENT | সংস্করণ ক্ষেত্র
Edition statement | সংস্করণ 2nd ed.
260 ## - IMPRINT | প্রকাশনা ক্ষেত্র
Place of publication | প্রকাশ স্থান New Delhi
Name of publisher | প্রকাশকের নাম Thomson
Date of publication | প্রকাশ কাল 2008
300 ## - PHYSICAL DESCRIPTION |
Page / Vol. No | পৃষ্ঠা / খন্ড সংখ্যা 446p.
504 ## - BIBLIOGRAPHY, ETC. NOTE
Bibliography, etc Includes glossary and index
630 ## - SUBJECT ADDED ENTRY--UNIFORM TITLE
Uniform title Abnormal psychology
650 ## - SUBJECT ADDED ENTRY--TOPICAL TERM | বিষয় শিরোনাম - মূল বিষয়
Topical term | মূল বিষয় Pathology,psychological
651 ## - SUBJECT ADDED ENTRY--GEOGRAPHIC NAME | বিষয় শিরোনাম - ভৌগলিক নাম
Geographic name | ভৌগলিক বিষয় Psychopathology
700 ## - ADDED ENTRY--PERSONAL NAME | অতিরিক্ত সংলেখ - ব্
Personal name | ব্যাক্তিনাম Zide, Marilyn R.
850 ## - HOLDING INSTITUTION
Holding institution LCLIB/157/GRA
942 ## - ADDED ENTRY ELEMENTS (KOHA)
Koha item type Books
Holdings
Withdrawn status Lost status Damaged status Not for loan Home library Current library Date acquired Total Checkouts Full call number Accession No. Date last seen Price effective from Koha item type
        Loreto College Loreto College 04/11/2013   157/GRA LCLIB/PsySemLib 783/48517 B40364 04/11/2013 04/11/2013 Books